[Event "Chorzow 2011"]
[Site "Chorzow "]
[Date "2011.03.31"]
[Round "7.1"]
[White "Koziak, Vitali"]
[Black "Kaczmarek, Aleksander"]
[Result "1-0"]
[WhiteElo "2471"]
[BlackElo "2036"]
[PlyCount "181"]
[EventDate "2011.??.??"]

1. e4 c6 2. d4 d5 3. Nc3 dxe4 4. Nxe4 Nd7 5. Bd3 e6 6. Nf3 Ngf6 7. Nxf6+ Nxf6
8. O-O Be7 9. Ne5 O-O 10. b3 Qc7 11. Qf3 c5 12. Bb2 Nd7 13. Rae1 Bd6 14. Qh3 f5
15. Nc4 Nf6 16. Nxd6 Qxd6 17. dxc5 Qxc5 18. Re5 Qd6 19. Bc4 Ng4 20. Qg3 Nxe5
21. Bxe5 Qe7 22. Bd6 Qf7 23. Bxf8 Kxf8 24. Re1 Qe7 25. Qe3 Bd7 26. Bxe6 Bxe6
27. Qxe6 Qxe6 28. Rxe6 Rd8 29. Kf1 Rd2 30. Re2 Rd1+ 31. Re1 Rd2 32. Rc1 b5 33.
Ke1 Rd5 34. c4 Rc5 35. Kd2 b4 36. a3 bxa3 37. Ra1 a5 38. Rxa3 f4 39. Kd3 Rh5
40. Ke4 Rxh2 41. Rxa5 Rxg2 42. Rf5+ Ke7 43. Rxf4 g5 44. Rf3 h5 45. b4 h4 46. b5
g4 47. Rf5 h3 48. b6 h2 49. Rh5 Rxf2 50. b7 Rf8 51. Rxh2 Kd6 52. Rh7 Kc6 53.
Rg7 g3 54. Rxg3 Kxb7 55. Kd5 Rd8+ 56. Kc5 Rc8+ 57. Kb5 Rc7 58. c5 Rh7 59. Rg6
Rh1 60. Rg7+ Kb8 61. Kb6 Rb1+ 62. Kc6 Rc1 63. Re7 Rc2 64. Re8+ Ka7 65. Kd6 Kb7
66. Re7+ Kb8 67. Re1 Rd2+ 68. Kc6 Rc2 69. Rb1+ Kc8 70. Kb6 Rh2 71. Ra1 Rb2+ 72.
Kc6 Kb8 73. Re1 Rc2 74. Re4 Rc1 75. Kd6 Rd1+ 76. Kc6 Rc1 77. Re7 Rc3 78. Re8+
Ka7 79. Rc8 Rc1 80. Kd7 Kb7 81. c6+ Ka7 82. Rd8 Rd1+ 83. Kc8 Rc1 84. c7 Kb6 85.
Rd6+ Ka7 86. Rd2 Rc3 87. Kd7 Kb7 88. Rb2+ Ka7 89. c8=Q Rd3+ 90. Ke7 Re3+ 91.
Qe6 1-0

[Event "Chorzow 2011"]
[Site "Chorzow "]
[Date "2011.03.31"]
[Round "7.2"]
[White "Wiecek, Pawel"]
[Black "Kalinin, Oleg"]
[Result "1/2-1/2"]
[WhiteElo "2043"]
[BlackElo "2375"]
[PlyCount "77"]
[EventDate "2011.??.??"]

1. d4 c5 2. d5 g6 3. g3 Bg7 4. Bg2 d6 5. c4 Nf6 6. Nc3 O-O 7. Nf3 e6 8. O-O
exd5 9. cxd5 Na6 10. Nd2 Nc7 11. a4 b6 12. Nc4 Ba6 13. Na3 Nd7 14. Re1 f5 15.
e4 Ne5 16. Nab5 Qd7 17. f4 Ng4 18. Bf1 Bxb5 19. Nxb5 a6 20. Nxc7 Bd4+ 21. Kg2
Qxc7 22. exf5 gxf5 23. h3 Nf6 24. Qc2 Qb7 25. Qxf5 Kh8 26. Kh2 Nxd5 27. Qe4
Rae8 28. Qxe8 Rxe8 29. Rxe8+ Kg7 30. Bg2 Qf7 31. Re2 Nf6 32. Bf3 h5 33. Be3
Bxe3 34. Rxe3 h4 35. Rae1 hxg3+ 36. Kxg3 Qg6+ 37. Kf2 Qf5 38. Kg3 Qg6+ 39. Kf2
1/2-1/2

[Event "Chorzow 2011"]
[Site "Chorzow "]
[Date "2011.03.31"]
[Round "7.3"]
[White "Kastelik, Adrian"]
[Black "Juroszek, Tadeusz"]
[Result "1/2-1/2"]
[WhiteElo "1996"]
[BlackElo "2355"]
[PlyCount "46"]
[EventDate "2011.??.??"]

1. e4 Nf6 2. Nc3 e5 3. Nf3 d6 4. d4 exd4 5. Nxd4 Be7 6. Bf4 O-O 7. Qd2 c6 8.
O-O-O b5 9. f3 b4 10. Nb1 a5 11. g4 Ne8 12. Bc4 a4 13. Nf5 Bxf5 14. gxf5 Nd7
15. Rdg1 a3 16. b3 Bf6 17. Rg3 Ne5 18. Bxe5 Bxe5 19. f4 Bb2+ 20. Kd1 Qe7 21.
Qxb4 Rd8 22. Bd3 Qa7 23. Qd2 Kh8 1/2-1/2

[Event "Chorzow 2011"]
[Site "Chorzow "]
[Date "2011.03.31"]
[Round "7.4"]
[White "Mulet, Piotr"]
[Black "Bojdol, Robert"]
[Result "1-0"]
[WhiteElo "2334"]
[BlackElo "2053"]
[PlyCount "43"]
[EventDate "2011.??.??"]

1. Nf3 c5 2. c4 Nf6 3. g3 g6 4. Bg2 Bg7 5. O-O O-O 6. Nc3 Nc6 7. d3 d5 8. cxd5
Nxd5 9. Nxd5 Qxd5 10. Be3 Qd6 11. Rc1 Nd4 12. Nd2 f5 13. Nb3 Nxb3 14. Qxb3+ Be6
15. Qxb7 Rab8 16. Qxa7 Bxb2 17. Bxc5 Qd7 18. Qxd7 Bxd7 19. Rb1 Rfe8 20. Bd5+ e6
21. Bc4 Rec8 22. Bd6 1-0

[Event "Chorzow 2011"]
[Site "Chorzow "]
[Date "2011.03.31"]
[Round "7.5"]
[White "Polok, Kacper"]
[Black "Sroka, Janusz"]
[Result "0-1"]
[WhiteElo "2046"]
[BlackElo "2091"]
[PlyCount "42"]
[EventDate "2011.??.??"]

1. e4 d6 2. Nc3 Nf6 3. d4 e5 4. Nf3 Nbd7 5. g4 Nxg4 6. Rg1 Ngf6 7. Bc4 h6 8.
Be3 c6 9. dxe5 dxe5 10. Qe2 b5 11. Bb3 Qa5 12. O-O-O Ba6 13. Nb1 c5 14. Bd5 Rc8
15. Nh4 c4 16. Bxf7+ Kxf7 17. Rxd7+ Ke6 18. Rd5 c3 19. Ng6 cxb2+ 20. Kd1 Qxa2
21. Bc1 Qxb1 0-1

[Event "Chorzow 2011"]
[Site "Chorzow "]
[Date "2011.03.31"]
[Round "7.6"]
[White "Jelonek, Michal"]
[Black "Karcz, Bartlomiej"]
[Result "1/2-1/2"]
[WhiteElo "2039"]
[BlackElo "1906"]
[PlyCount "59"]
[EventDate "2011.??.??"]

1. c4 g6 2. Nf3 Bg7 3. Nc3 Nf6 4. g3 O-O 5. Bg2 d6 6. O-O e5 7. d3 Nc6 8. Rb1
a5 9. a3 Bd7 10. b4 axb4 11. axb4 Qc8 12. Bg5 Ne7 13. Qd2 Bh3 14. Bxf6 Bxf6 15.
Nd5 Nxd5 16. cxd5 Bxg2 17. Kxg2 c6 18. Rfc1 Qd7 19. dxc6 bxc6 20. Rc2 Rfc8 21.
Rbc1 Rab8 22. Rc4 d5 23. Rc5 Kg7 24. Qc2 Rxb4 25. Rxc6 Rxc6 26. Qxc6 Qxc6 27.
Rxc6 e4 28. dxe4 dxe4 29. Ng1 Bd4 30. e3 1/2-1/2

[Event "Chorzow 2011"]
[Site "Chorzow "]
[Date "2011.03.31"]
[Round "7.7"]
[White "Piesik, Piotr"]
[Black "Stepaniec, Lukasz"]
[Result "1/2-1/2"]
[WhiteElo "2216"]
[BlackElo "1916"]
[PlyCount "42"]
[EventDate "2011.??.??"]

1. Nf3 d5 2. g3 Nf6 3. Bg2 c6 4. O-O e6 5. d3 Nbd7 6. Nbd2 Be7 7. e4 dxe4 8.
dxe4 O-O 9. Qe2 e5 10. a4 Qc7 11. Nc4 b5 12. axb5 cxb5 13. Ne3 Rb8 14. b3 a6
15. Bb2 Bb7 16. Nd5 Nxd5 17. exd5 f6 18. Rfd1 Bd6 19. c4 Nc5 20. Nd2 b4 21. Re1
Rbe8 1/2-1/2

[Event "Chorzow 2011"]
[Site "Chorzow "]
[Date "2011.03.31"]
[Round "7.8"]
[White "Solek, Zenon"]
[Black "Osipow, Nikolaj"]
[Result "0-1"]
[WhiteElo "1870"]
[BlackElo "2179"]
[PlyCount "74"]
[EventDate "2011.??.??"]

1. e4 d5 2. exd5 Qxd5 3. Nc3 Qe5+ 4. Be2 c6 5. Nf3 Qc7 6. d4 Bf5 7. O-O e6 8.
Bd3 Bg4 9. h3 Bh5 10. Be2 Nf6 11. Ne5 Bxe2 12. Qxe2 Bd6 13. Ng4 Nbd7 14. Bg5 h6
15. Nxf6+ gxf6 16. Bh4 O-O-O 17. Ne4 Be7 18. c4 Nb6 19. Rfd1 f5 20. Bxe7 Qxe7
21. c5 Nd5 22. Nd6+ Kb8 23. Re1 Rhg8 24. Nxf5 Qf6 25. Ng3 Qxd4 26. Qe5+ Qxe5
27. Rxe5 Nf4 28. Re4 Nd3 29. b4 Rd5 30. Ne2 e5 31. Rb1 f5 32. Rh4 Rg6 33. f3
Kc7 34. Kf1 Rd8 35. Rb3 Nc1 36. Rb2 Rd1+ 37. Kf2 Nd3+ 0-1

[Event "Chorzow 2011"]
[Site "Chorzow "]
[Date "2011.03.31"]
[Round "7.9"]
[White "Kazek, Krzysztof"]
[Black "Mucha, Piotr"]
[Result "1/2-1/2"]
[WhiteElo "2000"]
[BlackElo "1707"]
[PlyCount "42"]
[EventDate "2011.??.??"]

1. Nf3 Nf6 2. c4 g6 3. g3 Bg7 4. Bg2 O-O 5. O-O d6 6. d4 Nc6 7. Nc3 a6 8. b3 e5
9. dxe5 dxe5 10. Ba3 Qxd1 11. Raxd1 Re8 12. Nd5 e4 13. Ng5 Nxd5 14. cxd5 Nd4
15. Nxe4 Bf5 16. f3 Rad8 17. Kh1 Nxe2 18. Rfe1 Nc3 19. Nxc3 Bxc3 20. Rxe8+ Rxe8
21. Bf1 Re1 1/2-1/2

[Event "Chorzow 2011"]
[Site "Chorzow "]
[Date "2011.03.31"]
[Round "7.11"]
[White "Wozniak, Dawid"]
[Black "Przybylka, Damian"]
[Result "1-0"]
[WhiteElo "1917"]
[BlackElo "2061"]
[PlyCount "37"]
[EventDate "2011.??.??"]

1. d4 e6 2. c4 f5 3. Nc3 Nf6 4. Bg5 d5 5. Bxf6 Qxf6 6. cxd5 exd5 7. Nxd5 Qd6 8.
Nc3 Qb6 9. Qd2 Bd6 10. Qe3+ Kf7 11. Qd2 Re8 12. e3 Be6 13. Nf3 h6 14. Bd3 c6
15. Qe2 Nd7 16. O-O Nf6 17. e4 fxe4 18. Nxe4 Nxe4 19. Qxe4 1-0

[Event "Chorzow 2011"]
[Site "Chorzow "]
[Date "2011.03.31"]
[Round "7.12"]
[White "Ociepka, Tomasz"]
[Black "Galyga, Jozef"]
[Result "0-1"]
[WhiteElo "1894"]
[BlackElo "1946"]
[PlyCount "114"]
[EventDate "2011.??.??"]

1. e4 e6 2. d4 d5 3. Nd2 dxe4 4. Nxe4 Nd7 5. Nf3 Ngf6 6. Ng3 b6 7. Bd3 Bb7 8.
O-O Be7 9. c4 c5 10. dxc5 Nxc5 11. Bc2 Qxd1 12. Rxd1 Bxf3 13. gxf3 a5 14. b3
O-O 15. Bb2 Rfd8 16. Kf1 h6 17. Be5 Ne8 18. Ke2 f6 19. Bc3 Kf7 20. Ne4 f5 21.
Nxc5 Bxc5 22. Be5 g5 23. f4 g4 24. h3 gxh3 25. Rh1 Nf6 26. Bxf6 Kxf6 27. Rxh3
Bf8 28. Rd1 Rxd1 29. Kxd1 Rd8+ 30. Rd3 Rxd3+ 31. Bxd3 Bd6 32. a3 Bxf4 33. b4
axb4 34. axb4 Bd6 35. b5 e5 36. f3 Kg5 37. Ke2 Kf4 38. Kf2 Bc5+ 39. Kg2 e4 40.
fxe4 fxe4 41. Be2 Ke3 42. Kf1 Kf4 43. Kg2 Kg5 44. Kh3 h5 45. Kg3 h4+ 46. Kh3
Be7 47. Bf1 Kf4 48. Kg2 Ke3 49. Kg1 Bc5 50. Bh3 Kf3+ 51. Kf1 Ke3 52. Bf5 Bb4
53. Bg4 Kd2 54. Bf5 e3 55. Bg4 h3 56. Bf3 h2 57. Kg2 e2 0-1

[Event "Chorzow 2011"]
[Site "Chorzow "]
[Date "2011.03.31"]
[Round "7.13"]
[White "Blasiak, Miroslaw"]
[Black "Czornik, Janusz"]
[Result "1/2-1/2"]
[WhiteElo "1952"]
[BlackElo "1837"]
[PlyCount "31"]
[EventDate "2011.??.??"]

1. e4 e6 2. d4 d5 3. Nc3 Nf6 4. Bg5 Be7 5. e5 Nfd7 6. Bxe7 Qxe7 7. f4 O-O 8.
Nf3 c5 9. Bd3 f6 10. exf6 Qxf6 11. Ng5 Qxf4 12. Bxh7+ Kh8 13. Qh5 Nf6 14. Nf7+
Rxf7 15. Qxf7 Kxh7 16. Rf1 1/2-1/2

[Event "Chorzow 2011"]
[Site "Chorzow "]
[Date "2011.03.31"]
[Round "7.14"]
[White "Michalski, Edmund"]
[Black "Richter, Bronislaw"]
[Result "0-1"]
[WhiteElo "1910"]
[BlackElo "1802"]
[PlyCount "58"]
[EventDate "2011.??.??"]

1. d4 b5 2. e4 Bb7 3. Bd3 Nf6 4. f3 a6 5. Ne2 d6 6. O-O Nbd7 7. Be3 c5 8. c3
Rc8 9. Nd2 Rc7 10. Ng3 h5 11. Bf2 g5 12. Ne2 Bh6 13. Be3 Nf8 14. c4 Bc6 15. d5
Bd7 16. f4 Ng4 17. Bf2 gxf4 18. h3 Ne5 19. Qc2 Qc8 20. Kh2 Nfg6 21. Nf3 Nxf3+
22. gxf3 Bxh3 23. Rh1 Ne5 24. Ng1 Rg8 25. Bf1 Bxf1 26. Rxf1 Ng4+ 27. fxg4 Qxg4
28. Be1 f3 29. Nh3 Qg2+ 0-1

[Event "Chorzow 2011"]
[Site "Chorzow "]
[Date "2011.03.31"]
[Round "7.15"]
[White "Santura, Janusz"]
[Black "Faron, Rafal"]
[Result "0-1"]
[WhiteElo "1900"]
[BlackElo "1798"]
[PlyCount "58"]
[EventDate "2011.??.??"]

1. d4 f5 2. g3 Nf6 3. Bg2 g6 4. Nc3 Bg7 5. Nh3 O-O 6. O-O c6 7. d5 d6 8. Ng5 h6
9. Nf3 Re8 10. Qd3 e5 11. dxe6 Bxe6 12. Nh4 Bf7 13. e4 fxe4 14. Nxe4 d5 15. Nc3
Kh7 16. Be3 Nbd7 17. f4 Ng4 18. Rae1 Nxe3 19. Rxe3 Rxe3 20. Qxe3 d4 21. Qf3
dxc3 22. bxc3 Qf6 23. Re1 Re8 24. Rxe8 Bxe8 25. Qe4 Bf7 26. f5 g5 27. Ng6 Nc5
28. Qb4 Qxc3 29. Nf8+ Kg8 0-1

[Event "Chorzow 2011"]
[Site "Chorzow "]
[Date "2011.03.31"]
[Round "7.16"]
[White "Fraczek, Leslaw"]
[Black "Karpacz, Piotr"]
[Result "0-1"]
[WhiteElo "1887"]
[BlackElo "1747"]
[PlyCount "80"]
[EventDate "2011.??.??"]

1. d4 d5 2. c4 dxc4 3. Nf3 Nf6 4. e3 e6 5. Bxc4 c5 6. O-O a6 7. a4 Nc6 8. Nc3
Qc7 9. Qe2 Bd6 10. dxc5 Bxc5 11. e4 Ng4 12. h3 Nd4 13. hxg4 Nxe2+ 14. Bxe2 O-O
15. e5 b6 16. Ne4 Bb7 17. Nxc5 Qxc5 18. Be3 Qb4 19. Nd4 Rfd8 20. Rfd1 h6 21. b3
Bd5 22. Rd2 Rdc8 23. Rb2 Qe7 24. b4 Qc7 25. Nf3 Bxf3 26. Bxf3 Qxe5 27. Rab1
Rab8 28. b5 a5 29. Rd2 Rc4 30. Bd1 Qc7 31. Rd3 Rc3 32. Rb3 Rxb3 33. Bxb3 Rd8
34. Rxd8+ Qxd8 35. Bc2 Kf8 36. f3 Ke7 37. Be4 Qd1+ 38. Kh2 Qxa4 39. Bc6 Qc4 40.
Bxb6 a4 0-1

[Event "Chorzow 2011"]
[Site "Chorzow "]
[Date "2011.03.31"]
[Round "7.17"]
[White "Marek, Eugeniusz"]
[Black "Rosicki, Marcin"]
[Result "0-1"]
[WhiteElo "1886"]
[BlackElo "1560"]
[PlyCount "44"]
[EventDate "2011.??.??"]

1. d4 Nf6 2. Nf3 g6 3. c4 c5 4. d5 b5 5. cxb5 a6 6. bxa6 Bxa6 7. Nc3 d6 8. a4
Nbd7 9. Ra3 Nb6 10. e4 Bxf1 11. Kxf1 Bg7 12. b3 O-O 13. Qc2 Qc8 14. h3 Qa6+ 15.
Nb5 Rfc8 16. Kg1 Ne8 17. Kh2 c4 18. Bb2 cxb3 19. Qxb3 Bxb2 20. Qxb2 Nc4 21. Qb3
Nxa3 22. Qxa3 Qxb5 0-1

[Event "Chorzow 2011"]
[Site "Chorzow "]
[Date "2011.03.31"]
[Round "7.18"]
[White "Zielinski, Hubert"]
[Black "Gora, Tomasz"]
[Result "0-1"]
[WhiteElo "1885"]
[BlackElo "1868"]
[PlyCount "34"]
[EventDate "2011.??.??"]

1. e4 e6 2. d4 d5 3. Nd2 Nf6 4. Bd3 c5 5. e5 Nfd7 6. c3 Nc6 7. Ne2 Qb6 8. Nf3
cxd4 9. cxd4 Bb4+ 10. Kf1 f6 11. Nf4 fxe5 12. Nxe5 Ndxe5 13. dxe5 Nxe5 14. Qh5+
Nf7 15. Bxh7 e5 16. Ng6 Bg4 17. Qh4 Qxg6 0-1

[Event "Chorzow 2011"]
[Site "Chorzow "]
[Date "2011.03.31"]
[Round "7.19"]
[White "Rychlik, Bogdan"]
[Black "Klementys, Jerzy"]
[Result "0-1"]
[WhiteElo "1823"]
[BlackElo "1781"]
[PlyCount "44"]
[EventDate "2011.??.??"]

1. e4 c5 2. Nf3 d6 3. d4 cxd4 4. Nxd4 Nf6 5. Nc3 a6 6. Bg5 e6 7. f4 Be7 8. Qf3
Qc7 9. O-O-O Nbd7 10. g4 b5 11. Bxf6 Nxf6 12. g5 Nd7 13. f5 Bxg5+ 14. Kb1 Ne5
15. Qh5 Qd8 16. fxe6 O-O 17. exf7+ Rxf7 18. Nd5 Bg4 19. Nc6 Bxh5 20. Nxd8 Rxd8
21. Rd4 Nc6 22. Rd3 Bf3 0-1

[Event "Chorzow 2011"]
[Site "Chorzow "]
[Date "2011.03.31"]
[Round "7.21"]
[White "Hendel, Kazimierz"]
[Black "Czornik, Adam"]
[Result "0-1"]
[WhiteElo "1679"]
[BlackElo "1764"]
[PlyCount "108"]
[EventDate "2011.??.??"]

1. b3 e5 2. Bb2 Nc6 3. Nf3 d6 4. c4 b6 5. e3 Bb7 6. Nc3 Nf6 7. d4 exd4 8. Nxd4
g6 9. Nd5 Bg7 10. Qf3 Nxd5 11. Nxc6 Bxc6 12. Bxg7 Nb4 13. Qd1 Rg8 14. Bc3 Na6
15. b4 Nb8 16. Qg4 Nd7 17. O-O-O Nf6 18. Qf4 Ne4 19. Bd4 Qe7 20. Bd3 f5 21.
Bxe4 Bxe4 22. f3 g5 23. Qg3 Bb7 24. Rhe1 Qf7 25. Kb2 Qxc4 26. Bc3 O-O-O 27. Rd4
Qf7 28. Rc1 Kb8 29. Bd2 h6 30. Rdc4 Rd7 31. Qf2 Bd5 32. R4c3 Bxa2 33. Qe2 Bd5
34. Ra1 c5 35. b5 Re8 36. Be1 Be6 37. Qd3 f4 38. exf4 gxf4 39. Ra4 d5 40. Bd2
d4 41. Rcc4 Bxc4 42. Qxc4 Qxc4 43. Rxc4 Re2 44. Kc2 Rf7 45. Kd3 Rxg2 46. Rc2
Kb7 47. h4 h5 48. Rb2 Re7 49. Rb1 Rf2 50. Re1 Rxd2+ 51. Kxd2 Rxe1 52. Kxe1 a6
53. Kd2 axb5 54. Kd3 b4 0-1

[Event "Chorzow 2011"]
[Site "Chorzow "]
[Date "2011.03.31"]
[Round "7.22"]
[White "Wiechowski, Bronislaw"]
[Black "Buchowski, Adam"]
[Result "0-1"]
[WhiteElo "1884"]
[BlackElo "1839"]
[PlyCount "70"]
[EventDate "2011.??.??"]

1. e4 c5 2. Bc4 e6 3. Nc3 a6 4. a4 b6 5. d3 Bb7 6. Ba2 d6 7. Nge2 Nf6 8. Ng3
Be7 9. O-O O-O 10. f4 Nbd7 11. Nh5 Nxh5 12. Qxh5 Nf6 13. Qe2 d5 14. e5 Ne8 15.
Bd2 Nc7 16. f5 exf5 17. Rxf5 Ne6 18. Raf1 Nd4 19. Qg4 Nxf5 20. Rxf5 Bc8 21. Bh6
g6 22. Bxd5 Bxf5 23. Qf3 Ra7 24. Bxf8 Bxf8 25. g4 Be6 26. Be4 Qg5 27. h3 h5 28.
Ne2 hxg4 29. Qg3 Bh6 30. h4 Qd2 31. Kf2 f5 32. Bc6 f4 33. Qg2 Qe3+ 34. Ke1 f3
35. Bxf3 Qxf3 0-1